00521nam a2200133Ia 4500003000200000005001700002008004100019050002700060100003200087245010200119260008500221300004000306504004100346020250128161604.0160517s9999 xx 000 0 und d aHF 5415.32b.L972 2016 aLustaña, Carlo Medardo R. aEvaluation of customer preferences of project BC's walk-in clients /cCarlo Medardo R. Lustaña. aLas Piñas, Philippines :bSouthville International School and Colleges,c2016. a30 pages :billustrations ;c28 cm. aIncludes bibliographical references.